[Event "Kingston city match 4"]
[Site "Kingston CAN"]
[Date "2005.09.10"]
[Round "2"]
[White "Tremblay, Rejean"]
[Black "Taylor, Gordon"]
[Result "1-0"]
[WhiteElo "2078"]
[BlackElo "2357"]
[PlyCount "47"]
[GameId "2160767910900228"]
[EventDate "2005.09.10"]
[EventType "swiss"]
[EventRounds "3"]
[EventCountry "CAN"]
[SourceTitle "EXT 2022"]
[Source "ChessBase"]
[SourceDate "2021.10.06"]
[SourceVersion "1"]
[SourceVersionDate "2021.10.06"]
[SourceQuality "1"]

1. d4 Nf6 2. c4 e6 3. Nc3 Bb4 4. Qc2 d5 5. a3 Bxc3+ 6. Qxc3 Ne4 7. Qc2 Nc6 8. e3 e5 9. cxd5 Qxd5 10. Bc4 Qa5+ 11. b4 Nxb4 12. Qxe4 Nc2+ 13. Ke2 Qe1+ 14. Kf3 Nxa1 15. Bb2 O-O 16. Kg3 Re8 17. Nf3 Qxh1 18. Ng5 Be6 19. d5 Bd7 20. Qxh7+ Kf8 21. Qh5 Ke7 22. Nxf7 Bh3 23. Qxe5+ Kd7 24. Bb5+ 1-0

[Event "Kingston city match 4"]
[Site "Kingston CAN"]
[Date "2005.09.10"]
[Round "3"]
[White "Audet-Bouchard, Nicolas"]
[Black "Mikanovic, Goran"]
[Result "1/2-1/2"]
[WhiteElo "2235"]
[BlackElo "2282"]
[PlyCount "86"]
[GameId "2160767910900230"]
[EventDate "2005.09.10"]
[EventType "swiss"]
[EventRounds "3"]
[EventCountry "CAN"]
[SourceTitle "EXT 2022"]
[Source "ChessBase"]
[SourceDate "2021.10.06"]
[SourceVersion "1"]
[SourceVersionDate "2021.10.06"]
[SourceQuality "1"]

1. e4 c5 2. Nf3 e6 3. d4 cxd4 4. Nxd4 a6 5. Bd3 Bc5 6. Nb3 Be7 7. O-O d6 8. Be3 Nf6 9. f4 Qc7 10. Qf3 O-O 11. c4 Nbd7 12. Nc3 Re8 13. g4 g6 14. Rae1 b6 15. Bd4 Bb7 16. g5 Nh5 17. Qf2 Rf8 18. h4 Nxf4 19. Qxf4 e5 20. Qe3 exd4 21. Nxd4 Ne5 22. Nd5 Bxd5 23. exd5 Rae8 24. b3 Qd7 25. Be2 Bd8 26. Qg3 b5 27. cxb5 Bb6 28. Rf4 axb5 29. Kh2 Bxd4 30. Rxd4 Ra8 31. Rd2 Rfc8 32. Bf1 Re8 33. Bh3 Qc7 34. Ree2 b4 35. Rc2 Qb6 36. Qf2 Qa5 37. Rcd2 Ra7 38. h5 gxh5 39. Qf6 Rae7 40. Rf2 Qc5 41. Qf4 Ng6 42. Qf3 Rf8 43. Qxh5 Qc3 1/2-1/2

[Event "Labour Day op"]
[Site "Toronto CAN"]
[Date "2005.09.03"]
[Round "2"]
[White "Fiedler, Brian"]
[Black "Milicevic, Goran"]
[Result "1-0"]
[WhiteElo "2222"]
[BlackElo "2368"]
[PlyCount "59"]
[GameId "2160767910900486"]
[EventDate "2005.09.03"]
[EventType "swiss"]
[EventRounds "6"]
[EventCountry "CAN"]
[SourceTitle "CFC 2005.12"]

1. e4 e6 2. d4 d5 3. Nc3 Bb4 4. e5 c5 5. a3 cxd4 6. axb4 dxc3 7. Qg4 Ne7 8. Nf3 Qc7 9. Qxg7 Rg8 10. Qxh7 Nbc6 11. Bb5 cxb2 12. Bxb2 Rxg2 13. Kf1 Rg6 14. Rg1 Qb6 15. Nd4 Rxg1+ 16. Kxg1 Ng6 17. h4 Bd7 18. Bxc6 bxc6 19. h5 Nf8 20. Qg7 O-O-O 21. Nb3 Qxb4 22. Ba3 Qh4 23. Bxf8 Qxh5 24. Rb1 Qf5 25. Nd4 Qe4 26. Bd6 Be8 27. Rb8+ Kd7 28. Rb7+ Kc8 29. Rc7+ Kb8 30. Rxf7+ 1-0

[Event "Labour Day op"]
[Site "Victoria CAN"]
[Date "2005.09.03"]
[Round "1.1"]
[White "Sauve, Ronald"]
[Black "Cheng, Bindi"]
[Result "0-1"]
[WhiteElo "1787"]
[BlackElo "2338"]
[PlyCount "116"]
[GameId "2160767910900487"]
[EventDate "2005.09.03"]
[EventType "swiss"]
[EventRounds "6"]
[EventCountry "CAN"]

1. d4 Nf6 2. c4 g6 3. Nc3 Bg7 4. e4 d6 5. Be2 O-O 6. Bg5 c5 7. d5 e6 8. Nf3 exd5 9. cxd5 Qa5 10. O-O Bg4 11. Nd2 Bxe2 12. Qxe2 Qa6 13. Qxa6 Nxa6 14. Nc4 Rfd8 15. Nxd6 Rxd6 16. e5 Rxd5 17. Bxf6 Rd2 18. Bxg7 Kxg7 19. Rab1 Nb4 20. Ne4 Rd5 21. a3 Rxe5 22. axb4 Rxe4 23. bxc5 Rb4 24. Rfc1 Rc8 25. Kf1 Kf6 26. b3 Ke5 27. Ke2 Rc7 28. Rc3 Kd5 29. Rd1+ Rd4 30. Rdc1 Kc6 31. Ke3 Rh4 32. h3 Kb5 33. f3 f6 34. Kd3 Rh5 35. Kd4 Re5 36. Rc4 Rd7+ 37. Kc3 Re3+ 38. Kb2 Rd2+ 39. R1c2 Ree2 40. Rxd2 Rxd2+ 41. Kc3 Rxg2 42. Rb4+ Kc6 43. Rf4 f5 44. b4 Rg3 45. h4 a5 46. h5 Kb5 47. hxg6 hxg6 48. bxa5 Kxc5 49. Rc4+ Kb5 50. Rb4+ Kxa5 51. Rxb7 Rxf3+ 52. Kd4 g5 53. Ke5 g4 54. Kd4 g3 55. Ke5 f4 56. Kd4 Rf2 57. Kd3 g2 58. Rg7 f3 0-1

[Event "Labour Day op"]
[Site "Victoria CAN"]
[Date "2005.09.03"]
[Round "1.2"]
[White "Leblanc, Paul"]
[Black "Breel, Kevin"]
[Result "1-0"]
[WhiteElo "1916"]
[BlackElo "1580"]
[PlyCount "51"]
[GameId "2160767910900488"]
[EventDate "2005.09.03"]
[EventType "swiss"]
[EventRounds "6"]
[EventCountry "CAN"]

1. d4 Nf6 2. g3 g6 3. Bg2 Bg7 4. Nf3 O-O 5. O-O d6 6. c4 a5 7. Nc3 Nbd7 8. Qc2 e5 9. Rd1 Qe7 10. Bg5 c6 11. dxe5 dxe5 12. Ne4 h6 13. Bxf6 Nxf6 14. Nd6 Rd8 15. Nxc8 Raxc8 16. e3 Qc5 17. Nd2 b5 18. Nb3 Qb6 19. Qc3 a4 20. Qa5 Qb8 21. Nc5 Re8 22. Bh3 Rcd8 23. Nd7 Qa8 24. Qxa8 Rxa8 25. Nxf6+ Bxf6 26. Bd7 1-0

[Event "Labour Day op"]
[Site "Victoria CAN"]
[Date "2005.09.03"]
[Round "1.3"]
[White "Raymer, Evan"]
[Black "Patterson, Roger"]
[Result "1-0"]
[WhiteElo "1696"]
[BlackElo "2178"]
[PlyCount "21"]
[GameId "2160767910900489"]
[EventDate "2005.09.03"]
[EventType "swiss"]
[EventRounds "6"]
[EventCountry "CAN"]

1. e4 c5 2. Nf3 d6 3. d4 cxd4 4. Nxd4 Nf6 5. Nc3 e6 6. Be3 Nc6 7. Bc4 Be7 8. f4 d5 9. Bb5 Qc7 10. Qh5 a6 11. Nxc6 1-0

[Event "Labour Day op"]
[Site "Victoria CAN"]
[Date "2005.09.04"]
[Round "1.4"]
[White "Neufahrt, Gerhard"]
[Black "Jones, Cliff"]
[Result "1-0"]
[WhiteElo "1966"]
[BlackElo "1689"]
[PlyCount "101"]
[GameId "2160767910900490"]
[EventDate "2005.09.03"]
[EventType "swiss"]
[EventRounds "6"]
[EventCountry "CAN"]

1. e4 d5 2. exd5 Qxd5 3. Nc3 Qd8 4. Bc4 Nf6 5. Nf3 Bf5 6. d4 e6 7. O-O c6 8. Re1 Be7 9. h3 Nbd7 10. Bf4 Nb6 11. Bb3 O-O 12. Nh4 Bg6 13. Nxg6 hxg6 14. Ne4 Nxe4 15. Rxe4 a5 16. c3 a4 17. Bc2 a3 18. b3 Nd5 19. Qd2 c5 20. dxc5 Nxf4 21. Qxf4 Bg5 22. Qf3 Qc7 23. h4 Bf6 24. Rc4 Rac8 25. Rd1 Rfd8 26. Rd3 b5 27. cxb6 Qxb6 28. Rxc8 Rxc8 29. g3 Rd8 30. c4 Kf8 31. Kf1 Rxd3 32. Bxd3 Ke7 33. Ke2 Qd4 34. Qb7+ Qd7 35. Qb4+ Qd6 36. c5 Qe5+ 37. Kf3 Qd5+ 38. Be4 Qd1+ 39. Kg2 Be5 40. Qxa3 Qd4 41. Bf3 f5 42. b4 Kf6 43. Qa8 g5 44. Qf8+ Kg6 45. Qe8+ Kh7 46. Qxe6 gxh4 47. Qxf5+ Kg8 48. gxh4 Bf6 49. Bd5+ Kf8 50. Qe6 Qxh4 51. Qf7# 1-0

[Event "Labour Day op"]
[Site "Victoria CAN"]
[Date "2005.09.03"]
[Round "1.5"]
[White "Raymer, Elliot"]
[Black "Tate, William"]
[Result "1-0"]
[WhiteElo "1660"]
[BlackElo "1928"]
[PlyCount "119"]
[GameId "2160767910900491"]
[EventDate "2005.09.03"]
[EventType "swiss"]
[EventRounds "6"]
[EventCountry "CAN"]

1. e4 e6 2. d4 d5 3. exd5 exd5 4. c4 Be6 5. c5 c6 6. Nf3 Nd7 7. Be3 Ngf6 8. h3 h6 9. Nc3 Ne4 10. Bd3 Nxc3 11. bxc3 Be7 12. Qd2 b6 13. cxb6 axb6 14. O-O Bf6 15. Rfe1 g5 16. Nh2 h5 17. f4 gxf4 18. Bxf4 Nf8 19. Qf2 Kd7 20. Bg3 h4 21. Be5 Bxe5 22. Rxe5 Rg8 23. Bf5 Qe7 24. Ng4 Kc7 25. Nh6 Ng6 26. Nxg8 Rxg8 27. Bxg6 Rxg6 28. Qf4 Kb7 29. Kh2 Rg3 30. Re3 Rg6 31. Rae1 b5 32. a4 Qc7 33. Qxc7+ Kxc7 34. a5 Kb7 35. Ra1 Ka6 36. g4 Rf6 37. Kg2 Rg6 38. Re5 Rh6 39. Rg5 Rh8 40. Rh5 Rb8 41. Rxh4 b4 42. cxb4 Rxb4 43. Rh8 Rxd4 44. Rb8 Rd2+ 45. Kg3 d4 46. Rb6+ Ka7 47. a6 Ba2 48. Rxc6 d3 49. h4 Re2 50. Rd6 Rd2 51. h5 Be6 52. h6 Rb2 53. Rxd3 Rb4 54. Rc3 Rxg4+ 55. Kf3 Rh4 56. Rc7+ Ka8 57. Rg1 Bd5+ 58. Ke3 Kb8 59. Rd7 Re4+ 60. Kd3 1-0

[Event "Labour Day op"]
[Site "Victoria CAN"]
[Date "2005.09.03"]
[Round "1.7"]
[White "Hunt, Lorne"]
[Black "Kalamae, Mike"]
[Result "1-0"]
[WhiteElo "1907"]
[BlackElo "1370"]
[PlyCount "41"]
[GameId "2160767910900492"]
[EventDate "2005.09.03"]
[EventType "swiss"]
[EventRounds "6"]
[EventCountry "CAN"]

1. Nf3 c5 2. e4 e6 3. g3 Nc6 4. Bg2 d5 5. exd5 exd5 6. O-O Nf6 7. d4 c4 8. Re1+ Be6 9. Bg5 Be7 10. Ne5 Qb6 11. Nxc6 Qxb2 12. Nxe7 Qxa1 13. Nxd5 Nxd5 14. Bxd5 O-O 15. Bxe6 fxe6 16. Rxe6 Qxa2 17. d5 Rfe8 18. Nc3 Qa5 19. Qd2 Rxe6 20. dxe6 Qe5 21. e7 1-0

[Event "Labour Day op"]
[Site "Victoria CAN"]
[Date "2005.09.03"]
[Round "1.8"]
[White "Gibson, Kris"]
[Black "Steinbach, Chris"]
[Result "1-0"]
[WhiteElo "1833"]
[BlackElo "1471"]
[PlyCount "39"]
[GameId "2160767910900493"]
[EventDate "2005.09.03"]
[EventType "swiss"]
[EventRounds "6"]
[EventCountry "CAN"]

1. e4 e5 2. d4 d5 3. dxe5 Nc6 4. exd5 Nxe5 5. Nc3 Nf6 6. Be2 Bc5 7. Nf3 Nxf3+ 8. Bxf3 Qe7+ 9. Qe2 Qxe2+ 10. Nxe2 O-O 11. O-O Re8 12. Bf4 Bg4 13. Ng3 Bxf3 14. gxf3 Nxd5 15. Bd2 h6 16. c4 Nf6 17. b4 Rad8 18. Be1 Bd6 19. a4 c5 20. Nf5 1-0

[Event "Labour Day op"]
[Site "Victoria CAN"]
[Date "2005.09.03"]
[Round "2.1"]
[White "Cheng, Bindi"]
[Black "Hunt, Lorne"]
[Result "1-0"]
[WhiteElo "2338"]
[BlackElo "1907"]
[PlyCount "91"]
[GameId "2160767910900494"]
[EventDate "2005.09.03"]
[EventType "swiss"]
[EventRounds "6"]
[EventCountry "CAN"]

1. d4 d5 2. c4 c6 3. Nf3 Nf6 4. g3 g6 5. Bg2 Bg7 6. O-O O-O 7. Nbd2 Nbd7 8. Qc2 e6 9. b3 b6 10. cxd5 cxd5 11. Ba3 Re8 12. Qc6 Ba6 13. Rfe1 Qc8 14. Qa4 Qb7 15. e4 Nxe4 16. Nxe4 dxe4 17. Ng5 f5 18. Nxe4 b5 19. Nf6+ Bxf6 20. Bxb7 bxa4 21. Bxa6 Bxd4 22. Rad1 e5 23. Bb5 Rad8 24. Rxd4 exd4 25. Rxe8+ Rxe8 26. Bxd7 Re1+ 27. Kg2 axb3 28. axb3 Kf7 29. Bb5 Rb1 30. Bc5 d3 31. Bxd3 Rd1 32. Bc4+ Ke8 33. Bxa7 Kd7 34. Bc5 Kc6 35. b4 g5 36. Be3 h6 37. Be2 Rb1 38. b5+ Kb7 39. h4 Rb2 40. hxg5 Rxe2 41. gxh6 Rc2 42. h7 Rc8 43. Bd4 f4 44. h8=Q Rxh8 45. Bxh8 fxg3 46. fxg3 1-0

[Event "Labour Day op"]
[Site "Victoria CAN"]
[Date "2005.09.04"]
[Round "2.2"]
[White "Gibson, Kris"]
[Black "Moore, Harry"]
[Result "0-1"]
[WhiteElo "1833"]
[BlackElo "2301"]
[PlyCount "48"]
[GameId "2160767910900495"]
[EventDate "2005.09.03"]
[EventType "swiss"]
[EventRounds "6"]
[EventCountry "CAN"]

1. e4 b6 2. d4 Bb7 3. f3 e6 4. c4 Bb4+ 5. Nc3 f5 6. Bd3 fxe4 7. fxe4 Bxc3+ 8. bxc3 Nf6 9. Nf3 Nxe4 10. O-O O-O 11. Ba3 Rf4 12. d5 exd5 13. cxd5 Bxd5 14. Bc2 Nf6 15. Bb3 Bxb3 16. Qxb3+ d5 17. Ne5 Rxf1+ 18. Rxf1 Nbd7 19. Nxd7 Qxd7 20. Rxf6 gxf6 21. c4 dxc4 22. Qxc4+ Kg7 23. Qc3 Re8 24. Bb2 Qd1+ 0-1

[Event "Labour Day op"]
[Site "Victoria CAN"]
[Date "2005.09.04"]
[Round "2.3"]
[White "Raymer, Evan"]
[Black "Neufahrt, Gerhard"]
[Result "0-1"]
[WhiteElo "1696"]
[BlackElo "1966"]
[PlyCount "60"]
[GameId "2160767910900496"]
[EventDate "2005.09.03"]
[EventType "swiss"]
[EventRounds "6"]
[EventCountry "CAN"]

1. e4 e5 2. Nf3 Nc6 3. Bc4 Nf6 4. d3 Be7 5. Nc3 d6 6. Be3 Bg4 7. h3 Bh5 8. g4 Bg6 9. Nh4 Na5 10. Bb3 Nxb3 11. axb3 Nxe4 12. Nxg6 Nxc3 13. bxc3 hxg6 14. Qf3 d5 15. d4 e4 16. Qe2 Qd7 17. c4 Bb4+ 18. Bd2 Bxd2+ 19. Kxd2 dxc4 20. Qxe4+ Kf8 21. f3 Qd6 22. c3 Re8 23. Qxb7 Qf4+ 24. Kd1 cxb3 25. Re1 Rxe1+ 26. Kxe1 Rxh3 27. Qb8+ Ke7 28. Qb4+ Kd7 29. Qa4+ c6 30. Qa6 Rh1+ 0-1

[Event "Labour Day op"]
[Site "Victoria CAN"]
[Date "2005.09.04"]
[Round "2.4"]
[White "Raymer, Elliot"]
[Black "Leblanc, Paul"]
[Result "0-1"]
[WhiteElo "1660"]
[BlackElo "1918"]
[PlyCount "68"]
[GameId "2160767910900497"]
[EventDate "2005.09.03"]
[EventType "swiss"]
[EventRounds "6"]
[EventCountry "CAN"]

1. e4 c6 2. d4 d5 3. exd5 cxd5 4. c4 Nf6 5. Nc3 e6 6. Qb3 Be7 7. cxd5 exd5 8. Nf3 O-O 9. Be3 Nc6 10. Be2 a6 11. O-O b5 12. a3 Bf5 13. Rac1 Na5 14. Qa2 Nc4 15. Ne5 Rc8 16. Nxc4 dxc4 17. Rfd1 Bd6 18. Bg5 h6 19. Bh4 Bf4 20. Ra1 Bc2 21. Bxf6 gxf6 22. Re1 Bd2 23. Rf1 Qxd4 24. Bf3 Rcd8 25. Rad1 Rfe8 26. Nb1 Bxd1 27. Rxd1 Re1+ 28. Rxe1 Bxe1 29. b4 Bxb4 30. h3 Re8 31. Bb7 Bd6 32. g3 Bxg3 33. Kg2 Bf4 34. Bc6 Re5 0-1

[Event "Labour Day op"]
[Site "Victoria CAN"]
[Date "2005.09.03"]
[Round "2.5"]
[White "Tate, William"]
[Black "Cannon, Farley"]
[Result "1-0"]
[WhiteElo "1928"]
[BlackElo "1552"]
[PlyCount "70"]
[GameId "2160767910900498"]
[EventDate "2005.09.03"]
[EventType "swiss"]
[EventRounds "6"]
[EventCountry "CAN"]

1. e4 e5 2. f4 d6 3. Nf3 Nc6 4. Bc4 Nf6 5. Nc3 Be7 6. O-O Bg4 7. h3 Be6 8. Bxe6 fxe6 9. Ng5 Qd7 10. fxe5 Nxe5 11. d4 Ng6 12. Be3 h6 13. Nf3 O-O-O 14. Qd3 Qe8 15. Nb5 Kb8 16. d5 a6 17. Ba7+ Kc8 18. Nxc7 Nf4 19. Qc4 b5 20. Nxb5+ Kb7 21. Qc7+ Ka8 22. Be3 Qd7 23. Qxd7 Rxd7 24. Bxf4 axb5 25. dxe6 Rc7 26. e5 Ne8 27. exd6 Bxd6 28. Bxd6 Nxd6 29. Nd4 Re8 30. c3 Rc4 31. Rae1 b4 32. Re3 Rec8 33. e7 Ne8 34. Rf8 Kb7 35. Nb5 Kb6 1-0

[Event "Labour Day op"]
[Site "Victoria CAN"]
[Date "2005.09.03"]
[Round "2.6"]
[White "Jones, Cliff"]
[Black "Sauve, Ronald"]
[Result "0-1"]
[WhiteElo "1689"]
[BlackElo "1787"]
[PlyCount "71"]
[GameId "2160767910900499"]
[EventDate "2005.09.03"]
[EventType "swiss"]
[EventRounds "6"]
[EventCountry "CAN"]

1. e4 c5 2. Nf3 Nc6 3. d3 g6 4. g3 Bg7 5. Bg2 d6 6. c3 Nf6 7. O-O O-O 8. Re1 Qc7 9. Na3 a6 10. Nc2 Rb8 11. Bd2 b5 12. Nh4 Ne5 13. Qe2 c4 14. dxc4 bxc4 15. Reb1 Nd3 16. b3 Ng4 17. bxc4 Rxb1+ 18. Rxb1 Ngxf2 19. Be3 Bxc3 20. Bxf2 Nxf2 21. Kxf2 Qc5+ 22. Qe3 Qxc4 23. Rb3 Bf6 24. Qd3 Qc5+ 25. Ne3 Be6 26. Qxa6 Bxb3 27. axb3 Bd4 28. Qe2 Rb8 29. Nf3 Rxb3 30. Nxd4 Qxd4 31. Kf3 h5 32. g4 hxg4+ 33. Kxg4 Rxe3 34. Qb5 Rxe4+ 35. Bxe4 Qxe4+ 36. Kg3 0-1

[Event "Labour Day op"]
[Site "Victoria CAN"]
[Date "2005.09.03"]
[Round "2.7"]
[White "Kalamae, Mike"]
[Black "Steinbach, Chris"]
[Result "1-0"]
[WhiteElo "1370"]
[BlackElo "1471"]
[PlyCount "92"]
[GameId "2160767910900500"]
[EventDate "2005.09.03"]
[EventType "swiss"]
[EventRounds "6"]
[EventCountry "CAN"]

1. e4 e5 2. Nf3 Nc6 3. Nc3 Nf6 4. a3 d5 5. Bb5 a6 6. Bxc6+ bxc6 7. Nxe5 Qd6 8. d4 dxe4 9. Bg5 c5 10. Bxf6 Qxf6 11. Nxe4 Qf4 12. Qf3 Qxf3 13. Nxf3 cxd4 14. Nxd4 c5 15. Nb3 Bb7 16. f3 Bxe4 17. fxe4 Be7 18. O-O-O O-O 19. c4 Rab8 20. Na5 Bf6 21. Rd2 Bg5 22. Nc6 Bxd2+ 23. Kxd2 Rxb2+ 24. Kc3 Rxg2 25. Ne7+ Kh8 26. Nf5 Ra2 27. Kb3 Re2 28. Rg1 g6 29. Nd6 Rb8+ 30. Ka4 Kg7 31. Nf5+ Kf6 32. Nd6 Ke6 33. Rd1 Rd8 34. Rd5 Rxd6 35. Rxc5 Rxe4 36. Ka5 Re5 37. Rxe5+ Kxe5 38. c5 Rc6 39. Kb4 Kd5 40. Ka5 f5 41. a4 f4 42. h4 f3 43. h5 gxh5 44. Kb4 f2 45. a5 Rxc5 46. Ka4 f1=Q 1-0

[Event "Labour Day op"]
[Site "Victoria CAN"]
[Date "2005.09.04"]
[Round "3.1"]
[White "Neufahrt, Gerhard"]
[Black "Cheng, Bindi"]
[Result "1-0"]
[WhiteElo "1966"]
[BlackElo "2338"]
[PlyCount "70"]
[GameId "2160767910900501"]
[EventDate "2005.09.03"]
[EventType "swiss"]
[EventRounds "6"]
[EventCountry "CAN"]

1. Nf3 Nf6 2. d4 c5 3. Bf4 cxd4 4. Qxd4 Nc6 5. Qd2 Ne4 6. Qd5 Qb6 7. Nbd2 Qxf2+ 8. Kd1 Nxd2 9. Qxd2 Qb6 10. c3 d6 11. e4 Bg4 12. Kc2 e6 13. Re1 Be7 14. h3 Bxf3 15. gxf3 Ne5 16. Bxe5 dxe5 17. Rg1 Bh4 18. Rd1 Rd8 19. Bd3 h6 20. Qe2 Bg5 21. Rg4 g6 22. Rgg1 O-O 23. Rg4 Bf4 24. Qg2 g5 25. Qe2 h5 26. Rxg5+ Bxg5 27. Qg2 f6 28. h4 Rf7 29. hxg5 Rg7 30. g6 h4 31. Qg4 Rgd7 32. Qxh4 Qe3 33. Bb5 Rd2+ 34. Kb3 R8d7 35. Rh1 Kf8 1-0

[Event "Labour Day op"]
[Site "Victoria CAN"]
[Date "2005.09.04"]
[Round "3.2"]
[White "Moore, Harry"]
[Black "Leblanc, Paul"]
[Result "0-1"]
[WhiteElo "2301"]
[BlackElo "1916"]
[PlyCount "76"]
[GameId "2160767910900502"]
[EventDate "2005.09.03"]
[EventType "swiss"]
[EventRounds "6"]
[EventCountry "CAN"]

1. d4 d5 2. c4 c6 3. cxd5 cxd5 4. Nc3 Nf6 5. Bf4 a6 6. e3 Nc6 7. Nf3 Bf5 8. Ne5 Qb6 9. Nxc6 bxc6 10. Qb3 Nd7 11. f3 e6 12. g4 Bg6 13. h4 h5 14. Rh2 Be7 15. Bg3 c5 16. Qa4 cxd4 17. exd4 Bd6 18. Bxd6 Qxd6 19. Rg2 O-O 20. gxh5 Bxh5 21. Be2 Rfb8 22. O-O-O Rb4 23. Qc2 Bg6 24. Bd3 Qf4+ 25. Kb1 Bxd3 26. Qxd3 Qxh4 27. Rdg1 Qxd4 28. Rxg7+ Qxg7 29. Rxg7+ Kxg7 30. Nxd5 Rh4 31. Qc3+ Kf8 32. Qe1 Rc4 33. Ne3 Rc6 34. Qb4+ Kg8 35. a3 Rac8 36. Qe7 Ne5 37. f4 Ng6 38. Ng4 Nxe7 0-1

[Event "Labour Day op"]
[Site "Victoria CAN"]
[Date "2005.09.04"]
[Round "3.3"]
[White "Beaudin, Jesse"]
[Black "Tate, William"]
[Result "1/2-1/2"]
[WhiteElo "1775"]
[BlackElo "1928"]
[PlyCount "44"]
[GameId "2160767910900503"]
[EventDate "2005.09.03"]
[EventType "swiss"]
[EventRounds "6"]
[EventCountry "CAN"]

1. e4 Nf6 2. e5 Nd5 3. d4 d6 4. c4 Nb4 5. Qa4+ N8c6 6. d5 b5 7. cxb5 Bf5 8. Na3 dxe5 9. bxc6 Nxd5 10. Bc4 Nb6 11. Qd1 Qxd1+ 12. Kxd1 Rd8+ 13. Ke1 e6 14. Bd2 Bxa3 15. bxa3 Nxc4 16. Bb4 a5 17. Rc1 Bd3 18. Rxc4 Bxc4 19. Bxa5 f6 20. Nf3 Ra8 21. Bxc7 Rc8 22. Ba5 Rxc6 1/2-1/2

[Event "Labour Day op"]
[Site "Victoria CAN"]
[Date "2005.09.04"]
[Round "3.5"]
[White "Cannon, Farley"]
[Black "Gibson, Kris"]
[Result "0-1"]
[WhiteElo "1552"]
[BlackElo "1833"]
[PlyCount "120"]
[GameId "2160767910900505"]
[EventDate "2005.09.03"]
[EventType "swiss"]
[EventRounds "6"]
[EventCountry "CAN"]

1. e4 c5 2. d4 cxd4 3. c3 dxc3 4. Nxc3 e6 5. Nf3 a6 6. Bc4 Nc6 7. O-O Be7 8. Bf4 b5 9. Bb3 Bb7 10. Qe2 Nf6 11. Rfd1 O-O 12. Rac1 Nh5 13. Be3 Bf6 14. e5 Be7 15. g4 Na5 16. gxh5 Nxb3 17. axb3 f6 18. Nd4 Qe8 19. Bf4 fxe5 20. Bxe5 d6 21. Bg3 e5 22. Ne6 Bf3 23. Qd3 Qxh5 24. Nxf8 Rxf8 25. Re1 Bh4 26. Ne4 Bxg3 27. Nxg3 Qh3 28. Qf1 Qg4 29. h3 Qg6 30. Kh2 h5 31. Qg1 h4 32. Ne2 Qf5 33. Rc7 g6 34. Ng3 Qf4 35. Rc3 hxg3+ 36. Qxg3 Bb7 37. Qxf4 Rxf4 38. f3 Rxf3 39. Rxf3 Bxf3 40. b4 Kf7 41. Kg3 e4 42. Kf4 Kf6 43. h4 d5 44. Rc1 Be2 45. Rc6+ Kf7 46. Ke5 Bc4 47. Rc7+ Kg8 48. Kf6 e3 49. Rg7+ Kf8 50. Rxg6 d4 51. h5 e2 52. Rg1 d3 53. h6 Bg8 54. Rc1 Ke8 55. Rg1 Bh7 56. Rg7 e1=Q 57. Rxh7 Qf2+ 58. Ke6 Qe3+ 59. Kf6 Qd4+ 60. Kg5 d2 0-1

[Event "Labour Day op"]
[Site "Victoria CAN"]
[Date "2005.09.09"]
[Round "3.6"]
[White "Sauve, Ronald"]
[Black "Raymer, Elliot"]
[Result "1-0"]
[WhiteElo "1787"]
[BlackElo "1660"]
[PlyCount "49"]
[GameId "2160767910900506"]
[EventDate "2005.09.03"]
[EventType "swiss"]
[EventRounds "6"]
[EventCountry "CAN"]

1. d4 Nf6 2. c4 e6 3. Nf3 d5 4. Nc3 Be7 5. Bg5 O-O 6. e3 b6 7. Bd3 Bb7 8. O-O Nbd7 9. Qe2 c5 10. Rfd1 Rc8 11. cxd5 exd5 12. dxc5 bxc5 13. Bf5 Rb8 14. Rac1 h6 15. Bf4 Rc8 16. Ne5 d4 17. exd4 cxd4 18. Rxd4 Re8 19. Nxd7 Bc5 20. Qd3 Bxd4 21. Qxd4 Nxd7 22. Qxd7 Qb6 23. Qb5 Qf6 24. Bxc8 Qe7 25. Bxb7 1-0

[Event "Labour Day op"]
[Site "Victoria CAN"]
[Date "2005.09.04"]
[Round "3.7"]
[White "Steinbach, Chris"]
[Black "Patterson, Roger"]
[Result "0-1"]
[WhiteElo "1471"]
[BlackElo "2178"]
[PlyCount "56"]
[GameId "2160767910900507"]
[EventDate "2005.09.03"]
[EventType "swiss"]
[EventRounds "6"]
[EventCountry "CAN"]

1. e4 c5 2. b4 cxb4 3. c3 e6 4. a3 bxc3 5. Nxc3 Nc6 6. Nf3 d5 7. exd5 exd5 8. Bb5 Nf6 9. Qe2+ Be7 10. O-O O-O 11. d4 Bg4 12. h3 Nxd4 13. Qd3 Nxf3+ 14. gxf3 Bxh3 15. Re1 a6 16. Ba4 b5 17. Bb3 Be6 18. Bg5 Qd7 19. Nxd5 Nxd5 20. Bxe7 Qxe7 21. Qxd5 Bxd5 22. Rxe7 Bxb3 23. Rc1 Rfe8 24. Rd7 Be6 25. Rd6 Red8 26. Rcd1 Rxd6 27. Rxd6 Kf8 28. Kg2 Ke7 0-1

[Event "Labour Day op"]
[Site "Victoria CAN"]
[Date "2005.09.04"]
[Round "3.8"]
[White "Kalamae, Mike"]
[Black "Jones, Cliff"]
[Result "0-1"]
[WhiteElo "1370"]
[BlackElo "1689"]
[PlyCount "90"]
[GameId "2160767910900508"]
[EventDate "2005.09.03"]
[EventType "swiss"]
[EventRounds "6"]
[EventCountry "CAN"]

1. e4 d5 2. exd5 Qxd5 3. c4 Qd8 4. Nf3 Bg4 5. Be2 Nf6 6. h3 Bxf3 7. Bxf3 c6 8. Nc3 g6 9. O-O Bg7 10. Re1 O-O 11. d4 Qc7 12. d5 cxd5 13. cxd5 a6 14. Qd3 Rd8 15. Qe2 Bf8 16. Bg5 Nbd7 17. Rad1 Nb6 18. b3 Qxc3 19. Rd3 Qc7 20. Red1 Rac8 21. Qd2 Ne8 22. a4 Nd6 23. Bg4 Nd7 24. Re1 h5 25. Bd1 Nf6 26. Rde3 Nf5 27. Rd3 b5 28. b4 Nd6 29. Rde3 Nc4 30. Rc3 Nxd2 31. Rxc7 Rxc7 32. Bxd2 Nxd5 33. axb5 axb5 34. Re5 e6 35. Bg5 Be7 36. Bxe7 Nxe7 37. Bf3 Rc1+ 38. Kh2 Nd5 39. Be2 Re1 40. Kg3 Nc3 41. Kf3 Rxe2 42. Rxe2 Nxe2 43. Kxe2 Rd4 44. Ke3 Rxb4 45. f4 Rb1 0-1

[Event "Labour Day op"]
[Site "Victoria CAN"]
[Date "2005.09.04"]
[Round "4.1"]
[White "Leblanc, Paul"]
[Black "Neufahrt, Gerhard"]
[Result "1/2-1/2"]
[WhiteElo "1916"]
[BlackElo "1966"]
[PlyCount "95"]
[GameId "2160767910900509"]
[EventDate "2005.09.03"]
[EventType "swiss"]
[EventRounds "6"]
[EventCountry "CAN"]

1. d4 c6 2. g3 d5 3. Bg2 Bf5 4. Nf3 e6 5. O-O Bd6 6. c4 Nf6 7. Nc3 Nbd7 8. b3 Ne4 9. Bb2 Nxc3 10. Bxc3 h5 11. h4 Nf6 12. Ng5 Ng4 13. e4 dxe4 14. Bxe4 Bxe4 15. Nxe4 Be7 16. Qe2 Qc7 17. f3 Nf6 18. Kg2 Rh6 19. Bd2 Rg6 20. Qf2 Nxe4 21. fxe4 Bxh4 22. Bf4 Qd7 23. Rad1 Bxg3 24. Bxg3 h4 25. Rd3 Rxg3+ 26. Rxg3 hxg3 27. Kxg3 f6 28. Rh1 O-O-O 29. d5 exd5 30. cxd5 Kb8 31. Qf4+ Qd6 32. dxc6 bxc6 33. Rh7 Qxf4+ 34. Kxf4 Rd7 35. Kf5 Re7 36. Kg6 Rxe4 37. Rxg7 Rg4+ 38. Kxf6 Rxg7 39. Kxg7 Kc7 40. Kf7 Kd6 41. Ke8 a5 42. Kd8 c5 43. Kc8 Kc6 44. a4 c4 45. bxc4 Kc5 46. Kc7 Kxc4 47. Kc6 Kb4 48. Kd5 1/2-1/2

[Event "Labour Day op"]
[Site "Victoria CAN"]
[Date "2005.09.04"]
[Round "4.2"]
[White "Cheng, Bindi"]
[Black "Gibson, Kris"]
[Result "1-0"]
[WhiteElo "2338"]
[BlackElo "1833"]
[PlyCount "69"]
[GameId "2160767910900510"]
[EventDate "2005.09.03"]
[EventType "swiss"]
[EventRounds "6"]
[EventCountry "CAN"]

1. e4 c5 2. Nf3 e6 3. d4 cxd4 4. Nxd4 a6 5. Bd3 Nc6 6. Nxc6 bxc6 7. O-O Be7 8. Qg4 Bb7 9. Qxg7 Bf6 10. Qg3 h5 11. Na3 Ne7 12. Nc4 Rb8 13. e5 Rg8 14. Qf4 Nd5 15. Nd6+ Kf8 16. Qh6+ Bg7 17. Qxh5 Qe7 18. c4 Nb6 19. Bg5 f6 20. f4 Nc8 21. c5 Nxd6 22. cxd6 Qf7 23. Bg6 Rh8 24. Bxf7 Rxh5 25. Bxh5 fxg5 26. fxg5+ Kg8 27. Rf6 Bxf6 28. gxf6 Kh7 29. g4 c5 30. g5 Be4 31. b3 Bf5 32. Rc1 Bh3 33. g6+ Kh6 34. g7 Bf5 35. Be8 1-0